zpět

Detail výsledku týmu

U Lucerny ČT, Brno

Datum a čas kvízu

30 Celkem bodů Celkový počet nahraných bodů na tomto kvízu bez doplňovacích otázek.
5. Pořadí na kvízu Konečné umístění týmu na tomto kvízu.

Zaznamenané odpovědi

# Otázka Odpověď Body Výsledky
1. Desítky Čechů o víkendu uvázly... v Barceloně 1
2. Jednadevadesátiletý mediální m... Rupert Murdoch 1
3. Ve čtvrtek měl premiéru nový f... Anna Geislerová, Ondřej Vetchý 1
4. Bankovní rada České národní ba... 7 % 1
5. Česká fotbalová reprezentace d... s Islandem 1
6. Pokud jste podle názvu očekáva... Srní 1
7. V severské mytologii se vlků o... Fenrir (také Fenri, Fenrisulfr) 1
8. Od mytologie se přesuneme k fi... Martin Scorsese 1
9. Zlovlci jsou symbolem rodu Sta... Ghost/Duch, Lady 0
10. Vlčí tematiku zakončíme v říši... vlčí bob 1